[Event "Zolochiv Autumn 4th"]
[Site "Zolochiv"]
[Date "2017.11.02"]
[Round "6"]
[White "Mammadov, Rafig"]
[Black "Doronin, Oleg"]
[Result "1/2-1/2"]
[WhiteElo "2423"]
[BlackElo "2052"]
[PlyCount "43"]
[EventDate "2017.10.31"]
[EventType "swiss"]
[EventRounds "9"]
[EventCountry "UKR"]
[SourceTitle "EXT 2019"]
[Source "ChessBase"]
[SourceDate "2018.10.10"]
[SourceVersion "1"]
[SourceVersionDate "2018.10.10"]
[SourceQuality "1"]

1. e4 e5 2. Nf3 f5 3. Nxe5 Qf6 4. d4 d6 5. Nc4 fxe4 6. Nc3 Qg6 7. Be3 Nf6 8. Qd2 Be7 9. 0-0-0 0-0 10. h4 c6 11. h5 Qf7 12. h6 g6 13. Bg5 b5 14. Ne3 b4 15. Na4 Nbd7 16. b3 Nb6 17. Nb2 Be6 18. Ba6 Bc8 19. Be2 Be6 20. Ba6 Bc8 21. Be2 Be6 22. Ba6 1/2-1/2

[Event "Zolochiv Autumn 4th"]
[Site "Zolochiv"]
[Date "2017.11.01"]
[Round "3"]
[White "Dourtmes, Philip"]
[Black "Mammadov, Rafig"]
[Result "1-0"]
[WhiteElo "2315"]
[BlackElo "2423"]
[PlyCount "99"]
[EventDate "2017.10.31"]
[EventType "swiss"]
[EventRounds "9"]
[EventCountry "UKR"]
[SourceTitle "EXT 2019"]
[Source "ChessBase"]
[SourceDate "2018.10.10"]
[SourceVersion "1"]
[SourceVersionDate "2018.10.10"]
[SourceQuality "1"]

1. d4 Nf6 2. Bg5 Ne4 3. Bh4 c5 4. f3 Qa5+ 5. c3 Nf6 6. dxc5 Qxc5 7. e4 Nc6 8. Na3 d6 9. Qd2 e6 10. Nb5 Qb6 11. Bf2 Qd8 12. 0-0-0 a6 13. Nxd6+ Qxd6 14. Qxd6 Bxd6 15. Rxd6 e5 16. Ne2 Be6 17. Kb1 0-0 18. Ng3 Rad8 19. Rxd8 Rxd8 20. Be2 Kf8 21. Rd1 Rxd1+ 22. Bxd1 Nd7 23. Nf5 Bxf5 24. exf5 Ke7 25. Bc2 Kd6 26. Be4 Nf6 27. g4 Kc7 28. Kc2 Kd6 29. Kd3 Nd8 30. b4 Nc6 31. Bc5+ Kd7 32. h4 g6 33. a4 Kc7 34. g5 Nh5 35. f6 Nf4+ 36. Kc4 Ng2 37. Bd5 Nd8 38. Bf2 Nf4 39. Bg3 Nxd5 40. Kxd5 Nc6 41. Bxe5+ Kd7 42. a5 Na7 43. c4 Nc6 44. Bc3 Nd8 45. Kc5 Ne6+ 46. Kb6 Kc8 47. Be5 Nd8 48. b5 axb5 49. cxb5 Ne6 50. a6 1-0